<?xml version="1.0" encoding="UTF-8"?>
<record
    xmlns:xsi="http://www.w3.org/2001/XMLSchema-instance"
    xsi:schemaLocation="http://www.loc.gov/MARC21/slim http://www.loc.gov/standards/marcxml/schema/MARC21slim.xsd"
    xmlns="http://www.loc.gov/MARC21/slim">

  <leader>01389nam a2200361 c 4500</leader>
  <controlfield tag="001">C00080939c</controlfield>
  <controlfield tag="003">SpMaBN</controlfield>
  <controlfield tag="005">20241029152444.0</controlfield>
  <controlfield tag="008">230614s2015    sp a   | |||| 000 0 spa</controlfield>
  <datafield tag="015" ind1=" " ind2=" ">
    <subfield code="a">MON15</subfield>
  </datafield>
  <datafield tag="017" ind1=" " ind2=" ">
    <subfield code="a">M 3597-2015 </subfield>
    <subfield code="b">Oficina Dep&#xF3;sito Legal Madrid</subfield>
  </datafield>
  <datafield tag="020" ind1=" " ind2=" ">
    <subfield code="a">978-84-15069-51-5</subfield>
  </datafield>
  <datafield tag="035" ind1=" " ind2=" ">
    <subfield code="a">(OCoLC)908833951</subfield>
  </datafield>
  <datafield tag="040" ind1=" " ind2=" ">
    <subfield code="a">SpMaBN </subfield>
    <subfield code="b">spa </subfield>
    <subfield code="c">SpMaBN </subfield>
    <subfield code="d">M-RABA </subfield>
    <subfield code="e">rdc</subfield>
  </datafield>
  <datafield tag="080" ind1=" " ind2=" ">
    <subfield code="a">686.1 Brugalla Turmo, Emilio</subfield>
  </datafield>
  <datafield tag="080" ind1=" " ind2=" ">
    <subfield code="a">745/746.036(460):686.1</subfield>
  </datafield>
  <datafield tag="100" ind1="1" ind2=" ">
    <subfield code="a">Garc&#xED;a Herranz, Ana (</subfield>
    <subfield code="d">1972-)</subfield>
    <subfield code="9">60300</subfield>
  </datafield>
  <datafield tag="245" ind1="1" ind2="0">
    <subfield code="a">Brugalla, maestro encuadernador, en la biblioteca de la Real Academia de la Historia / </subfield>
    <subfield code="c">Ana Garc&#xED;a Herranz, Antonio Carpallo Bautista.</subfield>
  </datafield>
  <datafield tag="260" ind1=" " ind2=" ">
    <subfield code="a">[Madrid] : </subfield>
    <subfield code="b">Real Academia de la Historia, </subfield>
    <subfield code="c">D.L. 2015.</subfield>
  </datafield>
  <datafield tag="300" ind1=" " ind2=" ">
    <subfield code="a">161 p. : </subfield>
    <subfield code="b">il. col. y n. ; </subfield>
    <subfield code="c">24 cm.</subfield>
  </datafield>
  <datafield tag="336" ind1=" " ind2=" ">
    <subfield code="a">Texto (visual) </subfield>
    <subfield code="2">isbdcontent]</subfield>
  </datafield>
  <datafield tag="337" ind1=" " ind2=" ">
    <subfield code="a">sin mediaci&#xF3;n </subfield>
    <subfield code="2">isbdmedia]</subfield>
  </datafield>
  <datafield tag="500" ind1=" " ind2=" ">
    <subfield code="a">Ejemplar firmado.</subfield>
  </datafield>
  <datafield tag="504" ind1=" " ind2=" ">
    <subfield code="a">Bibliograf&#xED;a: p. [119]-121.</subfield>
  </datafield>
  <datafield tag="600" ind1="1" ind2="7">
    <subfield code="a">Brugalla Turmo, Emilio (</subfield>
    <subfield code="d">1901-1987)</subfield>
    <subfield code="9">225</subfield>
  </datafield>
  <datafield tag="650" ind1=" " ind2="7">
    <subfield code="a">Encuadernaci&#xF3;n art&#xED;stica</subfield>
    <subfield code="a">Real Academia de la Historia (Espa&#xF1;a).</subfield>
    <subfield code="b">Biblioteca.</subfield>
    <subfield code="9">109914</subfield>
  </datafield>
  <datafield tag="700" ind1="1" ind2=" ">
    <subfield code="a">Carpallo Bautista, Antonio.</subfield>
    <subfield code="9">39416</subfield>
  </datafield>
  <datafield tag="700" ind1="1" ind2=" ">
    <subfield code="a">Garc&#xED;a Herranz, Ana (</subfield>
    <subfield code="d">1972-)</subfield>
    <subfield code="9">60300</subfield>
  </datafield>
  <datafield tag="710" ind1="2" ind2=" ">
    <subfield code="a">Real Academia de la Historia (Espa&#xF1;a). </subfield>
    <subfield code="b">Biblioteca.</subfield>
    <subfield code="9">37901</subfield>
  </datafield>
  <datafield tag="852" ind1="4" ind2=" ">
    <subfield code="a">M-RABA     </subfield>
    <subfield code="j">J-1949</subfield>
  </datafield>
  <datafield tag="952" ind1=" " ind2=" ">
    <subfield code="0">0</subfield>
    <subfield code="1">0</subfield>
    <subfield code="4">0</subfield>
    <subfield code="7">0</subfield>
    <subfield code="8">NOR</subfield>
    <subfield code="a">RABASF</subfield>
    <subfield code="b">RABASF</subfield>
    <subfield code="c">DP2</subfield>
    <subfield code="d">2023-06-14</subfield>
    <subfield code="e">D</subfield>
    <subfield code="l">0</subfield>
    <subfield code="o">J-1949</subfield>
    <subfield code="p">1085912</subfield>
    <subfield code="r">2024-10-15 10:04:43</subfield>
    <subfield code="w">2024-10-15</subfield>
    <subfield code="y">FONDOMODER</subfield>
    <subfield code="z">Ejemplar firmado</subfield>
  </datafield>
  <datafield tag="999" ind1=" " ind2=" ">
    <subfield code="c">77286</subfield>
    <subfield code="d">77286</subfield>
  </datafield>
</record>
